| 000 | 00373nam a22001337a 4500 | ||
|---|---|---|---|
| 999 |
_c17048 _d17048 |
||
| 008 | 180727b xxu||||| |||| 00| 0 eng d | ||
| 020 | _a0073375120 | ||
| 050 |
_aLB 1062.6 _b .F47 2010 c.1 |
||
| 100 | _aFerrett, Sharon K. | ||
| 245 |
_aPeak Performace _bSuccess in College and Beyond |
||
| 260 |
_aBoston _bMcGrawHill _c2010 |
||
| 300 | _axxxvii, 530p. | ||
| 942 |
_2lcc _cBK |
||